000
00201 a2200097 4500
001
12988
100
_a
Wilde,O.
245
_a
Picture of Dorian Gray
260
_a
_b
W.W.Norton
_c
090
_c
9991
_d
9991
942
_a
NUST-CAE
_c
M
_c
36923
999
_c
248061
_d
248061